Normal view MARC view
  • Imaginary conversations

Entry Topical Term

Number of records used in: 1

001 - CONTROL NUMBER

  • control field: 92354

003 - CONTROL NUMBER IDENTIFIER

  • control field: TR-AnTOB

005 - DATE AND TIME OF LATEST TRANSACTION

  • control field: 20200522162656.0

008 - FIXED-LENGTH DATA ELEMENTS

  • fixed length control field: 860211|| azannbabn |b ana

010 ## - LIBRARY OF CONGRESS CONTROL NUMBER

  • LC control number: sh 85064457

035 ## - SYSTEM CONTROL NUMBER

  • System control number: (TR-AnTOB)92354

040 ## - CATALOGING SOURCE

  • Original cataloging agency: DLC
  • Language of cataloging: eng
  • Transcribing agency: DLC
  • Modifying agency: TR-AnTOB

150 ## - HEADING--TOPICAL TERM

  • Topical term or geographic name entry element: Imaginary conversations

450 ## - SEE FROM TRACING--TOPICAL TERM

  • Topical term or geographic name entry element: Conversation, Imaginal

450 ## - SEE FROM TRACING--TOPICAL TERM

  • Topical term or geographic name entry element: Conversation, Imaginary

450 ## - SEE FROM TRACING--TOPICAL TERM

  • Topical term or geographic name entry element: Dialogues, Imaginal

450 ## - SEE FROM TRACING--TOPICAL TERM

  • Topical term or geographic name entry element: Imaginal dialogues

450 ## - SEE FROM TRACING--TOPICAL TERM

  • Topical term or geographic name entry element: Hayali konuşmalar

450 ## - SEE FROM TRACING--TOPICAL TERM

  • Topical term or geographic name entry element: Düşsel sohbetler

550 ## - SEE ALSO FROM TRACING--TOPICAL TERM

  • Topical term or geographic name entry element: Conversation
  • Control subfield: g

550 ## - SEE ALSO FROM TRACING--TOPICAL TERM

  • Topical term or geographic name entry element: Dialogues
  • Control subfield: g

688 ## - APPLICATION HISTORY NOTE

  • Institution to which field applies: TR-AnTOB
  • Application history note: Op 22.05.2020

750 ## - ESTABLISHED HEADING LINKING ENTRY--TOPICAL TERM

  • Authority record control number or standard number: https://lccn.loc.gov/sh85064457
  • Source of heading or term: lcsh

750 ## - ESTABLISHED HEADING LINKING ENTRY--TOPICAL TERM

  • Authority record control number or standard number: (TR-AnTOB)92353
  • Source of heading or term: etuturkob
Devinim Yazılım Eğitim Danışmanlık tarafından Koha'nın orjinal sürümü uyarlanarak geliştirilip kurulmuştur.